| 000 | 00544nam a22001817a 4500 | ||
|---|---|---|---|
| 003 | OSt | ||
| 005 | 20250721151723.0 | ||
| 008 | 250721b |||||||| |||| 00| 0 eng d | ||
| 020 | _a0521552028 | ||
| 040 | _cChuka University Library | ||
| 050 |
_aHB 72 _b.H355 1996 |
||
| 100 |
_aHausman, Daniel M., & Michael S. McPherson _920073 |
||
| 245 | _aEconomic analysis and moral philosophy | ||
| 260 |
_aNew York _bCambridge University Press _c1996 |
||
| 300 | _a249P. | ||
| 650 |
_aEconomics--Moral and ethical aspects _920074 |
||
| 942 |
_2lcc _cBK _n0 |
||
| 999 |
_c19712 _d19712 |
||